Sports Quiz

Random Sports or Basketball Quiz

NCAA Tournament Teams (2010) Quiz Stats

Quiz Updated Mar 19, 2013

Also try: NCAA FBS Colleges
Challenge
Share
Tweet
Embed
Score 0/65 Timer 08:00
2 Plays Today
Region Team % Correct
SouthDuke Blue Devils
96%
MidwestKansas Jayhawks
92.7%
EastKentucky Wildcats
90.6%
WestSyracuse Orange
85.5%
EastTexas Longhorns
84.2%
MidwestOhio State Buckeyes
82.5%
MidwestOhio Bobcats
82.5%
MidwestMichigan State Spartans
82.4%
WestFlorida Gators
79.2%
WestKansas State Wildcats
77.3%
MidwestTennessee Volunteers
75.2%
SouthVillanova Wildcats
75%
WestButler Bulldogs
72.8%
EastWest Virginia Mountaineers
72.8%
MidwestGeorgetown Hoyas
72.7%
EastWashington Huskies
67.9%
SouthBaylor Bears
64.3%
WestPittsburgh Panthers
63.6%
EastWisconsin Badgers
63.6%
SouthCalifornia Bears
62%
SouthPurdue Boilermakers
61.5%
WestFlorida State Seminoles
61.3%
MidwestMaryland Terrapins
61%
SouthTexas A&M Aggies
59.1%
SouthLouisville Cardinals
58.9%
MidwestOklahoma State Cowboys
58.8%
WestGonzaga Bulldogs
57.5%
SouthNotre Dame Fighting Irish
57.3%
MidwestGeorgia Tech Yellow Jackets
56%
MidwestNorthern Iowa Panthers
54.9%
EastCornell Big Red
54.7%
EastWake Forest Demon Deacons
54.1%
WestBYU Cougars
53.9%
Region Team % Correct
EastNew Mexico Lobos
53%
WestVanderbilt Commodores
51.7%
EastMissouri Tigers
51.4%
WestMinnesota Golden Gophers
50.4%
MidwestUNLV Rebels
49.9%
EastMarquette Golden Eagles
49.7%
WestXavier Musketeers
49.6%
SouthSaint Mary's Gaels
48.9%
EastClemson Tigers
47.3%
EastTemple Owls
46.6%
WestMurray State Racers
38.6%
MidwestSan Diego State Aztecs
37%
SouthRichmond Spiders
36.4%
SouthUtah State Aggies
35.7%
WestUTEP Miners
35.7%
SouthOld Dominion Monarchs
34%
MidwestNew Mexico State Aggies
33.6%
SouthSiena Saints
32.4%
WestVermont Catamounts
32.2%
SouthArkansas Pine-Bluff Golden Lions
30.4%
MidwestHouston Cougars
30.1%
SouthRobert Morris Colonials
29.1%
EastMontana Grizzlies
29.1%
MidwestLehigh Mountain Hawks
28.9%
SouthWinthrop Eagles
23.5%
EastWofford Terriers
23.4%
WestOakland Golden Grizzlies
21.6%
EastEast Tennessee State Buccaneers
21.2%
WestNorth Texas Mean Green
19.5%
SouthSam Houston State Bearkats
19.1%
EastMorgan State Bears
18.8%
MidwestUC Santa Barbara Gauchos
18.6%

You're not logged in!

Compare scores with friends on all Sporcle quizzes.
Sign Up with Email
OR
Log In

You Might Also Like...

Show Comments

Extras

Top Quizzes Today


Score Distribution

Your Account Isn't Verified!

In order to create a playlist on Sporcle, you need to verify the email address you used during registration. Go to your Sporcle Settings to finish the process.